000 00910nam a2200313 a 4500
003 AR-BaBNM
005 20251128203311.0
008 082120s2002 ||||||||||||||000 | spa||
020 _a950-525-222-0
040 _cAR-BaBNM
100 1 _aGiacchino de Ribet, María Isabel
245 0 0 _aIdeario y proyecto educativo
_btalleres para su elaboración participativa
250 _a1ª ed.
260 _aBuenos Aires
_bStella
_c1993
300 _a79 p.
_btablas
490 0 _aCuadernos pedagógicos
_vv. 17
504 _aBibliografía en p. 78
650 4 _aEDUCACION RELIGIOSA
650 4 _aEDUCACION CRISTIANA
650 4 _aESCUELAS CONFESIONALES
650 4 _aENSEÑANZA
650 4 _aPARTICIPACION
650 4 _aTALLERES [METODO PEDAGOGICO]
650 4 _aPROGRAMAS DE EDUCACION
653 _aCOMUNIDAD EDUCATIVA
700 1 _aAlleva de Landeyro, Clotilde C.
942 _cBK
998 _cMarce
999 _c2787
_d2787